000
00314nam a22001337a 4500
003
SGT
082
_a
615.19
_b
JAI
100
_a
JAIN, DR. GIRISH K.
245
_a
PHARMACEUTICAL ENGINEERING
260
_a
INDIA
_b
B.S. SHAH PUB.
_c
2019
300
_a
894
650
_a
PHARMACEUTICAL ENGINEERING
942
_2
ddc
_c
BK
999
_c
32544
_d
32544